| 000 | 00495nam a22001817a 4500 | ||
|---|---|---|---|
| 003 | CEME | ||
| 005 | 20210628203545.0 | ||
| 008 | 210119b xxu||||| |||| 00| 0 eng d | ||
| 020 | _a978023052213 | ||
| 040 | _c. | ||
| 082 | _a658 LIN | ||
| 100 |
_aLinstead, Stephen, Fulop, Liz, Lilley, Simon _966240 |
||
| 245 | _aMANAGEMENT AND ORGANIZATION, A CIRITCAL TEXT | ||
| 260 |
_aCHINA _bPALGRAVE _c2009 |
||
| 300 | _aXXXI,848P | ||
| 650 |
_aMANAGEMENT AND ORGANIZATION _966241 |
||
| 942 |
_cBK _2ddc |
||
| 999 |
_c574230 _d574230 |
||